| 000 | 00435nam a2200181Ia 4500 | ||
|---|---|---|---|
| 003 | GCL | ||
| 040 |
_aGCL / _cGCL |
||
| 082 | 0 | 4 |
_a728.8 _bF I |
| 100 | 1 | _aFONSECO, CASIMO | |
| 245 | 1 | 0 |
_aITINERARI FEIDERICIANI IN PUGLIA / _cFONSECO, CASIMO |
| 260 |
_a[S.N] : _bDELLE ARTI GRAFICHE FAVIA ، _c1997 |
||
| 300 | _a167 P | ||
| 650 | 0 | 4 | _aPALACES |
| 650 | 0 | 4 | _aCASTLES |
| 650 | 0 | 4 | _aARCHITECTURE |
| 650 | 0 | 4 | _aAPULIA |
| 942 |
_2ddc _cBK |
||
| 999 |
_c15385 _d15385 |
||